000
00309nam a2200133Ia 4500
008
221030s9999 xx 000 0 und d
041
_a
English
082
_a
105.23
100
_a
B. Gottfried
245
0
_a
Schaum`s Outlines Programming with C
_c
by B. Gottfried
260
_c
0
650
_a
B
942
_c
BK
999
_c
12452
_d
12452